|
|
|
|
| LEADER |
01340nam a2200385Ia 4500 |
| 001 |
EBC2081738 |
| 003 |
MiAaPQ |
| 005 |
20200520144314.0 |
| 006 |
m o d | |
| 007 |
cr cn||||||||| |
| 008 |
101208s2011 nyu sb 001 0 eng d |
| 010 |
|
|
|z 2010050845
|
| 020 |
|
|
|z 9781583672297
|
| 020 |
|
|
|z 158367229X
|
| 020 |
|
|
|z 9781583672303
|
| 020 |
|
|
|z 1583672303
|
| 035 |
|
|
|a (MiAaPQ)EBC2081738
|
| 035 |
|
|
|a (Au-PeEL)EBL2081738
|
| 035 |
|
|
|a (CaPaEBR)ebr10484121
|
| 035 |
|
|
|a (OCoLC)744350488
|
| 040 |
|
|
|a MiAaPQ
|c MiAaPQ
|d MiAaPQ
|
| 050 |
|
4 |
|a HD4904
|b .P386 2011
|
| 082 |
0 |
4 |
|a 331.13
|2 22
|
| 100 |
1 |
|
|a Perelman, Michael.
|
| 245 |
1 |
4 |
|a The invisible handcuffs of capitalism
|h [electronic resource] :
|b how market tyranny stifles the economy by stunting workers /
|c by Michael Perelman.
|
| 260 |
|
|
|a New York :
|b Monthly Review Press,
|c c2011.
|
| 300 |
|
|
|a 360 p.
|
| 504 |
|
|
|a Includes bibliographical references and index.
|
| 533 |
|
|
|a Electronic reproduction. Ann Arbor, MI : ProQuest, 2015. Available via World Wide Web. Access may be limited to ProQuest affiliated libraries.
|
| 650 |
|
0 |
|a Labor.
|
| 650 |
|
0 |
|a Work.
|
| 650 |
|
0 |
|a Capitalism.
|
| 655 |
|
4 |
|a Electronic books.
|
| 710 |
2 |
|
|a ProQuest (Firm)
|
| 856 |
4 |
0 |
|u https://ebookcentral.proquest.com/lib/matrademy/detail.action?docID=2081738
|z Click to View
|